|
|
|
|
| LEADER |
01826cam a2200337 a 4500 |
| 001 |
10116581 |
| 003 |
GR-PaULI |
| 005 |
20231102063221.0 |
| 008 |
150618s1962 us f f 1 eng d |
| 952 |
|
|
|0 0
|1 0
|4 0
|6 512_943000000000000_4_AYR
|7 0
|9 180391
|a LISP
|b LISP
|c BSC
|d 2016-04-24
|i 063664
|l 0
|o 512.943 4 AYR
|p 025000043159
|r 2016-04-24 00:00:00
|t 1
|w 2016-04-24
|y BK15
|
| 952 |
|
|
|0 0
|1 0
|4 0
|6 512_943000000000000_4_AYR
|7 0
|9 180392
|a LISP
|b LISP
|c BSC
|d 2016-04-24
|i 064461
|l 2
|o 512.943 4 AYR
|p 025000043158
|r 2017-11-09 00:00:00
|s 2017-10-30
|t 2
|w 2016-04-24
|y BK15
|
| 952 |
|
|
|0 0
|1 0
|2 ddc
|4 0
|6 512_943000000000000_4_AYR
|7 0
|9 221460
|a LISP
|b LISP
|c BSC
|d 2018-04-18
|i 131198
|l 0
|o 512.943 4 AYR
|p 025000076561
|r 2018-04-18 00:00:00
|t 3
|w 2018-04-18
|y BK15
|
| 952 |
|
|
|0 0
|1 0
|2 ddc
|4 0
|6 512_943000000000000_407_6_AYR
|7 0
|9 228758
|a LISA
|b LISA
|c BSC
|d 2019-01-07
|i 13473
|l 0
|o 512.943 407 6 AYR
|p 027000001645
|r 2019-01-07 00:00:00
|t 4
|w 2019-01-07
|y BK15
|
| 999 |
|
|
|c 111525
|d 111525
|
| 020 |
|
|
|a 0070026564
|
| 040 |
|
|
|a GR-PaULI
|c GR-PaULI
|b gre
|d GR-AiPI
|e AACR2
|
| 082 |
0 |
4 |
|a 512.943 4
|
| 082 |
0 |
4 |
|a 512.943 407 6
|2 23
|
| 100 |
1 |
|
|a Ayres, Frank
|d 1901-
|9 8671
|e συγγραφέας.
|
| 245 |
1 |
0 |
|a Schaum's outline of theory and problems of matrices /
|c by Frank Ayres.
|
| 260 |
|
|
|a New York :
|b McGraw - Hill Book Company,
|c 1962.
|
| 300 |
|
|
|a 219 σ. :
|b πίν. ;
|c 28 εκ.
|
| 490 |
1 |
|
|a Schaum's outline series
|
| 500 |
|
|
|a Περιέχει ευρετήριο.
|
| 650 |
|
4 |
|a Πίνακες (Μαθηματικά)
|9 945
|
| 830 |
|
0 |
|a Schaum's outline series
|9 157479
|
| 852 |
|
|
|a GR-PaULI
|b ΠΑΤΡΑ
|b ΒΚΠ
|b ΒΣ1
|k ΑΣΧΞ
|h 512.943 4 AYR
|m 063664
|p 025000043159
|t 1
|
| 852 |
|
|
|a GR-PaULI
|b ΠΑΤΡΑ
|b ΒΚΠ
|b ΒΣ1
|k ΑΣΧΞ
|h 512.943 4 AYR
|m 064461
|p 025000043158
|t 2
|
| 942 |
|
|
|2 ddc
|c BK15
|
| 998 |
|
|
|c ΜΠΟΥΡΑΣ
|d 2015-06
|
| 998 |
|
|
|c ΜΙΧΟΣΤΑΥΡΟΥ
|d 2019-01
|